Sporting de Gijón Squad 2016-2017 - Statistics

General Stats
  • This quiz has been taken 21 times
  • The average score is 16 of 29
Answer Stats
# Position Nation Player % Correct
- Coach Spain Abelardo Fernández
90%
24 FW Croatia Duje Čop
90%
1 GK Spain Iván Cuéllar
90%
3 DF Martinique Jean-Sylvain Babin
90%
17 FW Qatar Akram Afif
70%
19 FW Spain Carlos Carmona
70%
18 DF Spain Isma López
70%
4 DF Spain Jorge Meré
70%
10 MF Spain Nacho Cases
70%
- Coach Spain Rubi
70%
9 FW Spain Carlos Castro
60%
20 MF Cameroon Dani Ndi
60%
13 GK Spain Diego Mariño
60%
5 DF Venezuela Fernando Amorebieta
60%
8 FW Ivory Coast Lacina Traoré
60%
15 DF Spain Roberto Canella
60%
2 DF Brazil Douglas Pereira
50%
6 MF Spain Sergio Álvarez
50%
11 DF Spain Alberto Lora
40%
23 FW Spain Moi Gómez
40%
8 MF Algeria Rachid Aït-Atmane
40%
7 FW Spain Víctor Rodríguez
40%
14 FW Spain Burgui
30%
12 DF Nigeria Elderson Echiéjilé
30%
22 MF Spain Mikel Vesga
30%
25 FW Spain Borja Viguera
20%
16 DF Spain Lillo Castellano
20%
30 GK Spain Óscar Whalley
20%
21 MF Spain Xavi Torres
10%
No matching quizzes found
Score Distribution
Percent of People with Each Score
Percentile by Number Answered
Your Score History
You have not taken this quiz